<?xml version="1.0" encoding="UTF-8"?>
<record
    xmlns:xsi="http://www.w3.org/2001/XMLSchema-instance"
    xsi:schemaLocation="http://www.loc.gov/MARC21/slim http://www.loc.gov/standards/marcxml/schema/MARC21slim.xsd"
    xmlns="http://www.loc.gov/MARC21/slim">

  <leader>01166nam a22002777a 4500</leader>
  <controlfield tag="001">113849</controlfield>
  <controlfield tag="003">DR-UNIBE</controlfield>
  <controlfield tag="005">20250717104417.0</controlfield>
  <controlfield tag="008">250708b2013    sp ||||| |||| 00| 0 spa d</controlfield>
  <datafield tag="020" ind1=" " ind2=" ">
    <subfield code="a"> 9788449423260</subfield>
  </datafield>
  <datafield tag="040" ind1=" " ind2=" ">
    <subfield code="a">BIBLIOTECA UNIBE</subfield>
    <subfield code="c">BIBLIOTECA UNIBE</subfield>
    <subfield code="e">rda</subfield>
  </datafield>
  <datafield tag="041" ind1=" " ind2=" ">
    <subfield code="a">spa</subfield>
  </datafield>
  <datafield tag="082" ind1=" " ind2=" ">
    <subfield code="a">155.43 S518c</subfield>
  </datafield>
  <datafield tag="245" ind1="0" ind2="3">
    <subfield code="a">El sexo contado a los peque&#xF1;os</subfield>
  </datafield>
  <datafield tag="260" ind1=" " ind2=" ">
    <subfield code="a">Barcelona :</subfield>
    <subfield code="b">Oceano, </subfield>
    <subfield code="c">2013</subfield>
  </datafield>
  <datafield tag="300" ind1=" " ind2=" ">
    <subfield code="a">2 vol&#xFA;menes : </subfield>
    <subfield code="b">ilustraciones a color </subfield>
    <subfield code="e">+ 1 CD-ROM</subfield>
  </datafield>
  <datafield tag="505" ind1=" " ind2=" ">
    <subfield code="a">Volumen 1 |
1. Mar&#xED;a, Carlos y sus amigos |
2. El cuerpo y los sentidos |
3. Somos iguales, somos diferentes |
4. Crecemos: la pubertad |
Volumen 2 |
5. Las personas nos relacionamos |
6. Va a nacer un ni&#xF1;o |
7. El respeto por el cuerpo |
8. Al cerrar el libro |</subfield>
  </datafield>
  <datafield tag="650" ind1=" " ind2="7">
    <subfield code="2">lemb</subfield>
    <subfield code="a">Educaci&#xF3;n sexual para ni&#xF1;os</subfield>
  </datafield>
  <datafield tag="650" ind1=" " ind2="7">
    <subfield code="2">lemb</subfield>
    <subfield code="a">Educaci&#xF3;n sexual</subfield>
    <subfield code="x">Ense&#xF1;anza</subfield>
    <subfield code="9">197433</subfield>
  </datafield>
  <datafield tag="653" ind1=" " ind2="0">
    <subfield code="a">Sexualidad -- Estudio y ense&#xF1;anza</subfield>
  </datafield>
  <datafield tag="700" ind1=" " ind2=" ">
    <subfield code="a">O'Callaghan i Duch, Elena </subfield>
    <subfield code="9">197142</subfield>
    <subfield code="e">redactor</subfield>
  </datafield>
  <datafield tag="700" ind1=" " ind2=" ">
    <subfield code="a">Gispert, Carlos</subfield>
    <subfield code="9">8596</subfield>
    <subfield code="e">director</subfield>
  </datafield>
  <datafield tag="700" ind1=" " ind2=" ">
    <subfield code="a"> Ar&#xE0;nega, Merc&#xE8;</subfield>
    <subfield code="e">ilustrador</subfield>
    <subfield code="9">197427</subfield>
  </datafield>
  <datafield tag="700" ind1=" " ind2=" ">
    <subfield code="a">Pascual, Mar&#xED;a</subfield>
    <subfield code="e">ilustrador</subfield>
    <subfield code="9">65725</subfield>
  </datafield>
  <datafield tag="942" ind1=" " ind2=" ">
    <subfield code="2">ddc</subfield>
    <subfield code="c">BK</subfield>
  </datafield>
  <datafield tag="999" ind1=" " ind2=" ">
    <subfield code="c">113849</subfield>
    <subfield code="d">113849</subfield>
  </datafield>
  <datafield tag="952" ind1=" " ind2=" ">
    <subfield code="0">0</subfield>
    <subfield code="1">0</subfield>
    <subfield code="2">ddc</subfield>
    <subfield code="7">0</subfield>
    <subfield code="8">GEN</subfield>
    <subfield code="a">Principal</subfield>
    <subfield code="d">2025-07-17</subfield>
    <subfield code="l">0</subfield>
    <subfield code="o">155.43 S518c</subfield>
    <subfield code="p">250733</subfield>
    <subfield code="r">2025-07-17 10:49:37</subfield>
    <subfield code="t">Vol. 1 Ej. 1</subfield>
    <subfield code="w">2025-07-17</subfield>
    <subfield code="y">BK</subfield>
  </datafield>
  <datafield tag="952" ind1=" " ind2=" ">
    <subfield code="0">0</subfield>
    <subfield code="1">0</subfield>
    <subfield code="2">ddc</subfield>
    <subfield code="7">0</subfield>
    <subfield code="8">GEN</subfield>
    <subfield code="a">Principal</subfield>
    <subfield code="d">2025-07-17</subfield>
    <subfield code="l">0</subfield>
    <subfield code="o">155.43 S518c</subfield>
    <subfield code="p">250734</subfield>
    <subfield code="r">2025-07-17 10:50:13</subfield>
    <subfield code="t">Vol. 2, Ej. 1</subfield>
    <subfield code="w">2025-07-17</subfield>
    <subfield code="y">BK</subfield>
  </datafield>
</record>
